Central Library OPAC University of Rajshahi
Normal view MARC view

Entry Personal Name

Number of records used in: 2

001 - CONTROL NUMBER

  • control field: 6908

003 - CONTROL NUMBER IDENTIFIER

  • control field: BD-RjUL

005 - DATE AND TIME OF LATEST TRANSACTION

  • control field: 20230208131242.0

008 - FIXED-LENGTH DATA ELEMENTS

  • fixed length control field: 230208|| aca||aabn | a|a d

040 ## - CATALOGING SOURCE

  • Original cataloging agency: BD-RjUL
  • Transcribing agency: BD-RjUL

100 ## - HEADING--PERSONAL NAME

  • Personal name: Yeasmin, Mst. Kumkum

670 ## - SOURCE DATA FOUND

  • Source citation: Work cat.: (BD-RjUL)81195: Yeasmin, Mst. Kumkum, Assessment of nutritional status among pre-school children in Rajshahi City, Bangladesh /, 2019